<?xml version="1.0" encoding="UTF-8"?><?xml-stylesheet type="text/xsl" href="static/style.xsl"?><OAI-PMH xmlns="http://www.openarchives.org/OAI/2.0/" xmlns:xsi="http://www.w3.org/2001/XMLSchema-instance" xsi:schemaLocation="http://www.openarchives.org/OAI/2.0/ http://www.openarchives.org/OAI/2.0/OAI-PMH.xsd"><responseDate>2026-06-07T16:09:42Z</responseDate><request verb="GetRecord" identifier="oai:docta.ucm.es:20.500.14352/111161" metadataPrefix="marc">https://docta.ucm.es/rest/oai/request</request><GetRecord><record><header><identifier>oai:docta.ucm.es:20.500.14352/111161</identifier><datestamp>2025-03-18T13:30:25Z</datestamp><setSpec>com_20.500.14352_14</setSpec><setSpec>col_20.500.14352_18</setSpec></header><metadata><record xmlns="http://www.loc.gov/MARC21/slim" xmlns:dcterms="http://purl.org/dc/terms/" xmlns:xsi="http://www.w3.org/2001/XMLSchema-instance" xmlns:doc="http://www.lyncode.com/xoai" xsi:schemaLocation="http://www.loc.gov/MARC21/slim http://www.loc.gov/standards/marcxml/schema/MARC21slim.xsd">
   <leader>00925njm 22002777a 4500</leader>
   <datafield ind2=" " ind1=" " tag="042">
      <subfield code="a">dc</subfield>
   </datafield>
   <datafield ind2=" " ind1=" " tag="260">
      <subfield code="c">2023</subfield>
   </datafield>
   <datafield ind2=" " ind1=" " tag="520">
      <subfield code="a">Este libro aspira a visibilizar la heterogeneidad inmanente que constituye el Barroco latinoamericano en la modernidad, un espacio de experiencia, memoria y futuro donde aún podemos reconocernos en muchos sentidos. El objetivo común es explotar el potencial crítico y transformador de "lo barroco" (actualizado por el prefijo "neo-" en América Latina, apuntando respuestas a la crisis civilizatoria donde se abisma la humanidad occidental.</subfield>
   </datafield>
   <datafield ind1="8" ind2=" " tag="024">
      <subfield code="a">García Ferrer, B. (ed.), Barroco latinoamericano y crisis contemporánea, De Gruyter, Berlin, 2023, 348 pp. [ISBN 9783111208589 / ISBNe 9783111208909].</subfield>
   </datafield>
   <datafield ind1="8" ind2=" " tag="024">
      <subfield code="a">978-3-11-120858-9</subfield>
   </datafield>
   <datafield ind1="8" ind2=" " tag="024">
      <subfield code="a">https://hdl.handle.net/20.500.14352/111161</subfield>
   </datafield>
   <datafield ind1="8" ind2=" " tag="024">
      <subfield code="a">https://www.degruyter.com/document/doi/10.1515/9783111208909/html#contents</subfield>
   </datafield>
   <datafield ind2="0" ind1="0" tag="245">
      <subfield code="a">Barroco latinoamericano y crisis contemporánea</subfield>
   </datafield>
</record></metadata></record></GetRecord></OAI-PMH>